<?xml version="1.0" encoding="UTF-8"?>
<record
    xmlns:xsi="http://www.w3.org/2001/XMLSchema-instance"
    xsi:schemaLocation="http://www.loc.gov/MARC21/slim http://www.loc.gov/standards/marcxml/schema/MARC21slim.xsd"
    xmlns="http://www.loc.gov/MARC21/slim">

  <leader>02320nam a2200277Ia 4500</leader>
  <controlfield tag="003">OSt</controlfield>
  <controlfield tag="005">20260221120704.0</controlfield>
  <controlfield tag="008">210210b2019   xxu||||| |||| 00| 0 eng d</controlfield>
  <datafield tag="020" ind1=" " ind2=" ">
    <subfield code="a">9780008336738</subfield>
  </datafield>
  <datafield tag="040" ind1=" " ind2=" ">
    <subfield code="c">AL</subfield>
  </datafield>
  <datafield tag="041" ind1=" " ind2=" ">
    <subfield code="a">eng</subfield>
  </datafield>
  <datafield tag="082" ind1=" " ind2=" ">
    <subfield code="a">813.54 CHRL</subfield>
  </datafield>
  <datafield tag="100" ind1=" " ind2=" ">
    <subfield code="a">Agatha Christie</subfield>
    <subfield code="9">256348</subfield>
  </datafield>
  <datafield tag="245" ind1=" " ind2=" ">
    <subfield code="a">Last seance</subfield>
    <subfield code="b">: tales of the supernatural</subfield>
  </datafield>
  <datafield tag="260" ind1=" " ind2=" ">
    <subfield code="a">London</subfield>
    <subfield code="b">Harper Collins Publishers</subfield>
    <subfield code="c">2019</subfield>
  </datafield>
  <datafield tag="300" ind1=" " ind2=" ">
    <subfield code="a">vi,362p</subfield>
  </datafield>
  <datafield tag="520" ind1=" " ind2=" ">
    <subfield code="a">From the Queen of crime, the first time all of her spookiest and most macabre stories have been collected in one volume. &#x2018;From behind the curtains there still sounded the terrible high long-drawn scream &#x2013; such a scream as Raoul had never heard. It died away with a horrible kind of gurgle. Then there came the thud of a body falling&#x2026;&#x2019; for lovers of the supernatural and the macabre comes this collection of ghostly and chilling tales from Agatha Christie. Acknowledged the world over as the undisputed queen of crime, in fact she dabbled in her early writing career with mysteries of a more unearthly kind &#x2013; stories featuring fantastic psychic visions, spectres looming in the shadows, encounters with deities, eerie messages from the other side, even a man who switches bodies with a cat&#x2026; this haunting compendium gathers together all of Christian spookiest and most macabre short stories, some featuring her timeless detectives Hercule Poirot and Miss Marple. Finally together in one volume, it shines a light on the darker side of Agatha Christie, one that she herself relished, identifying ten of them as &#x2018;My own favourite stories written soon after the mysterious affair at styles, some before that&#x2019;. contains 20 stories: the last s&#xE9;ance in a glass darkly the adventure of the Egyptian tomb SOS the fourth man The idol house of astarte the Gipsy philomel cottage the dream the lamp wireless the mystery of the Blue jar the Blue geranium the wife of the kenite the strange case of Sir Arthur Carmichael the call of wings the Red signal the flock of geryon the Dressmaker&#x2019;s doll the hound of death.</subfield>
  </datafield>
  <datafield tag="650" ind1=" " ind2=" ">
    <subfield code="a">tales</subfield>
    <subfield code="9">256349</subfield>
  </datafield>
  <datafield tag="650" ind1=" " ind2=" ">
    <subfield code="a">supernatural</subfield>
    <subfield code="9">256350</subfield>
  </datafield>
  <datafield tag="650" ind1=" " ind2=" ">
    <subfield code="a">seance:</subfield>
    <subfield code="9">256351</subfield>
  </datafield>
  <datafield tag="650" ind1=" " ind2=" ">
    <subfield code="a">seance</subfield>
    <subfield code="9">256351</subfield>
  </datafield>
  <datafield tag="650" ind1=" " ind2=" ">
    <subfield code="a">Last</subfield>
    <subfield code="9">256352</subfield>
  </datafield>
  <datafield tag="690" ind1=" " ind2=" ">
    <subfield code="a">American English Fiction</subfield>
    <subfield code="9">256353</subfield>
  </datafield>
  <datafield tag="906" ind1=" " ind2=" ">
    <subfield code="a">074006</subfield>
  </datafield>
  <datafield tag="942" ind1=" " ind2=" ">
    <subfield code="2">ddc</subfield>
    <subfield code="c">BK</subfield>
  </datafield>
  <datafield tag="999" ind1=" " ind2=" ">
    <subfield code="c">123734</subfield>
    <subfield code="d">123734</subfield>
  </datafield>
  <datafield tag="952" ind1=" " ind2=" ">
    <subfield code="0">0</subfield>
    <subfield code="1">0</subfield>
    <subfield code="2">ddc</subfield>
    <subfield code="4">0</subfield>
    <subfield code="7">0</subfield>
    <subfield code="8">ENG</subfield>
    <subfield code="a">AL</subfield>
    <subfield code="b">AL</subfield>
    <subfield code="d">2021-02-17</subfield>
    <subfield code="e">Navakarnataka Publication Pvt Ltd Mangalore</subfield>
    <subfield code="g">299.00</subfield>
    <subfield code="l">14</subfield>
    <subfield code="m">1</subfield>
    <subfield code="o">813.54 CHRL</subfield>
    <subfield code="p">074006</subfield>
    <subfield code="r">2026-03-04 10:40:55</subfield>
    <subfield code="s">2026-02-21</subfield>
    <subfield code="w">2021-02-17</subfield>
    <subfield code="y">BK</subfield>
  </datafield>
</record>
